Galarian Forms and Evolutions - Statistics

General Stats
  • This quiz has been taken 5 times
  • The average score is 12 of 26
Answer Stats
Type Answer % Correct
Steel Perrserker
100%
Steel Meowth
75%
Ice / Psychic Mr. Mime
75%
Ice / Psychic Mr. Rime
75%
Psychic Ponyta
75%
Psychic / Fairy Rapidash
75%
Ice Darmanitan
50%
Ice Darumaka
50%
Fighting Farfetch'd
50%
Ground / Ghost Runerigus
50%
Fighting Sirfetch'd
50%
Psychic / Poison Slowbro
50%
Psychic / Poison Slowking
50%
Psychic Slowpoke
50%
Ground / Steel Stunfisk
50%
Poison / Fairy Weezing
50%
Ground / Ghost Yamask
50%
Ghost Corsola
25%
Ghost Cursola
25%
Dark / Normal Linoone
25%
Dark / Normal Obstagoon
25%
Dark / Normal Zigzagoon
25%
Psychic / Flying Articuno
0%
Fire / Ice Darmanitan Zen
0%
Dark / Flying Moltres
0%
Fighting / Fighting Zapdos
0%
No matching quizzes found
Score Distribution
Percent of People with Each Score
Percentile by Number Answered
Your Score History
You have not taken this quiz